| 000 | 00639nam a2200193 a 4500 | ||
|---|---|---|---|
| 005 | 20140412111408.0 | ||
| 008 | 061208s19uu xx 00 eng d | ||
| 020 | _a0-439-36562-7 | ||
| 050 |
_aTR(GS 428.1 _bOn1 2002 |
||
| 245 |
_a100 write and learn Sight Word practice pages : _bEngaging reproducible activity pages that help kids recognize, write,and learn words that are key to reading success. |
||
| 260 |
_aNew York : _bScholastic, _c2002. |
||
| 300 | _a112 | ||
| 440 | _aScholastic | ||
| 500 | _aGrades K-2 | ||
| 650 | _aReaders (primary) | ||
| 650 | _aVocabulary-Juvenile literature | ||
| 650 | _aReading | ||
| 999 |
_c105593 _d105593 |
||